| 000 | 00579cam a2200145 4500500 | ||
|---|---|---|---|
| 005 | 20251228053359.0 | ||
| 041 | _afre | ||
| 042 | _adc | ||
| 100 | 1 | 0 |
_aCornu, Pierre _eauthor |
| 245 | 0 | 0 | _aJean Vigreux, La Vigne du maréchal Pétain, Dijon, Éditions Universitaires de Dijon, 2005, 104 p., 16 €, isbn 2915552126 |
| 260 | _c2005. | ||
| 500 | _a16 | ||
| 786 | 0 | _nHistoire & Sociétés Rurales | 24 | 2 | 2005-10-01 | p. 171zf-276zf | 1254-728X | |
| 856 | 4 | 1 | _uhttps://shs.cairn.info/revue-histoire-et-societes-rurales-2005-2-page-171zf?lang=fr&redirect-ssocas=7080 |
| 999 |
_c1585301 _d1585301 |
||